The cathedral of Christian truth; studies in Romans. (Record no. 16464)

000 -LEADER
fixed length control field 00630nam a2200181 a 4500
001 - CONTROL NUMBER
control field :::00019358$&:&@@
003 - CONTROL NUMBER IDENTIFIER
control field OkBaRHE
005 - DATE AND TIME OF LATEST TRANSACTION
control field 20010313124558.0
008 - FIXED-LENGTH DATA ELEMENTS--GENERAL INFORMATION
fixed length control field s1943 j 000 0 eng u
040 ## - CATALOGING SOURCE
Transcribing agency
100 1# - MAIN ENTRY--PERSONAL NAME
Personal name Coltman, William G.
245 14 - TITLE STATEMENT
Title The cathedral of Christian truth; studies in Romans.
260 ## - PUBLICATION, DISTRIBUTION, ETC. (IMPRINT)
Place of publication, distribution, etc Findlay, Ohio
Name of publisher, distributor, etc Fundamental Truth Publishers
Date of publication, distribution, etc 1943
300 ## - PHYSICAL DESCRIPTION
Extent 306 p.
942 ## - ADDED ENTRY ELEMENTS (KOHA)
Source of classification or shelving scheme
Koha item type Books
Copies
Withdrawn status Price effective from Source of classification or shelving scheme Copy number Full call number Koha item type Date last seen Barcode Not for loan Lost status Permanent Location Damaged status Shelving location Date acquired
 2010-04-14 1BS 2665 .C64Books2018-03-2819358  RHEMA Bible Training College General Stacks2010-04-14
 2010-04-14 2BS 2665 .C64Books2018-03-2819983  RHEMA Bible Training College General Stacks2010-04-14